000
00294nam a2200109Ia 4500
008
220204s9999 xx 000 0 und d
082
_a
631(038)
_b
TRI.1
245
0
_a
Krishi sabdavali. V 1.
260
_a
Trivandrum
_b
State Inst of Languages
_c
1969
650
_a
Agricultural glossary
942
_c
BK
999
_c
21456
_d
21456